Groups of Five - Cities - Statistics

General Stats
  • This quiz has been taken 374 times
    372 since last reset
  • The average score is 29 of 60
Answer Stats
Group Answer % Correct
Most Visited Italian Cities Rome
93%
Most Visited Italian Cities Milan
88%
English Champions League Winning Cities London
87%
Most Visited Italian Cities Venice
86%
Largest Cities Ending in "Burg" Johannesburg
82%
Cities with the Most Michelin Stars Paris
82%
Largest African Cities Cairo
81%
Most Visited Italian Cities Florence
80%
English Champions League Winning Cities Manchester
80%
Biggest "San" Cities San Francisco
80%
Largest African Cities Lagos
78%
English Champions League Winning Cities Liverpool
77%
Biggest "San" Cities San José
74%
Biggest "San" Cities San Diego
71%
Largest Former Soviet Cities Kiev
70%
Cities with the Most Michelin Stars Tokyo
70%
Asian Capitals Beginning With D Dhaka‎
64%
Largest Cities Ending in "Burg" Hamburg
62%
Largest Cities Ending in "Burg" St. Petersburg
61%
Largest African Cities Kinshasa
60%
English Champions League Winning Cities Birmingham
58%
Asian Capitals Beginning With D Doha‎
58%
Largest Former Soviet Cities Minsk
58%
Biggest "San" Cities San Antonio
58%
Asian Capitals Beginning With D Damascus‎
56%
Nordic Second Cities Gothenburg
56%
Nordic Second Cities Bergen
52%
Asian Capitals Beginning With D Dili‎
52%
Asian Capitals Beginning With D Dushanbe‎
52%
Alphabetically First North American Capitals Belmopan
51%
Alphabetically First North American Capitals Bridgetown
47%
Alphabetically First North American Capitals Guatemala City
42%
Alphabetically First North American Capitals Castries
41%
Least Populated U.S State Capitals Montpelier
40%
Least Populated U.S State Capitals Pierre
40%
Biggest "San" Cities San Salvador
39%
Nordic Second Cities Aarhus
38%
Cities with the Worst Traffic Mumbai
38%
Least Populated U.S State Capitals Helena
37%
English Champions League Winning Cities Nottingham
37%
Least Populated U.S State Capitals Augusta
36%
Alphabetically First North American Capitals Basseterre
36%
Largest African Cities Luanda
36%
Largest Former Soviet Cities Baku
35%
Most Visited Italian Cities Bologna
34%
Largest Former Soviet Cities Tashkent
32%
Largest Former Soviet Cities Kharkiv
30%
Cities with the Worst Traffic Jakarta
27%
Least Populated U.S State Capitals Frankfort
25%
Cities with the Most Michelin Stars Hong Kong
24%
Cities with the Worst Traffic São Paulo
24%
Nordic Second Cities Espoo
22%
Cities with the Worst Traffic Manila
21%
Cities with the Most Michelin Stars Osaka
20%
Cities with the Worst Traffic Istanbul
16%
Cities with the Most Michelin Stars Kyoto
10%
Largest Cities Ending in "Burg" Yekaterinburg
9%
Largest African Cities Giza
5%
Nordic Second Cities Kópavogur
4%
Largest Cities Ending in "Burg" Rustenburg
0%
No matching quizzes found
Score Distribution
Percent of People with Each Score
Percentile by Number Answered
Your Score History
You have not taken this quiz since the last reset